000 00804 a2200253 4500
003 0
005 20160609152458.0
008 110922t xxu||||| |||| 00| 0 eng d
040 _aBUAC
_bFre
_cBUDOC
041 _aFre
100 _aGwinner, Joost
_918813
130 _lFR
_918814
245 _aManuel sur la manutention et la conservation des grains après récolte
260 _aEschborn
_bEd. de la GTZ
_c1996
300 _a368 p.
_bcouv. en coul., ill. ; 21 cm.
_c20 cm.
440 _aProjet de Protection des Stocks et des Récoltes
_918817
504 _aComprend Index p. 358 - 368
630 _aSCIENCES APPLIQUEES
_918818
650 _aConservation : technique : grain
_918820
700 1 _aHARNISCH, Rüdiger
_918822
700 1 _aMück, Otto
_918824
942 _cLIVR
999 _c28855
_d28855